El absolutismo y el pacto social /

Guardado en:
Autor Principal: Weber
Formato: Deslizar
Series:La tradición de Occidente
Materias:
Etiquetas: Agregar Etiqueta
Sin Etiquetas, Sea el primero en etiquetar este registro!
LEADER 00852ngm a22002535g 4500
001 CEM.cems022145
008 130507b1995##################0###0#####d
005 20241007163550.0
245 1 0 |a El absolutismo y el pacto social /  |c Weber. 
300 |a 26'. 
490 0 |a La tradición de Occidente 
500 |a En soporte VHS, consultar en ventanilla. 
505 0 |a Versalles: vida, arte, modelo político del absolutismo. Comercio. Fundamento filosófico del absolutismo: Hobbes. 
538 |a Soporte: VHS - Norma: Pal N - Color - Grabación DRD 1995 - Hitachi=1479 
100 1 |a Weber 
082 9 0 |/ REV 
653 |a HISTORIA 
653 |a ABSOLUTISMO 
653 |a POLITICA 
653 |a HOBBES 
653 |a VERSALLES 
653 |a COMERCIO 
653 |a NIVEL SECUNDARIO 
859 |a CEMS  |b BIB. CEMS - Depto. Recursos Didacticos  |h 904  |i REV  |k DRD  |p 788.12  |t Ej.1